La verdadera guerra: la tercera guerra mundial ha comenzado..

Gardado en:
Detalles Bibliográficos
Autor Principal: Nixon, Richard (Richard Milhous) (autor)
Formato: Libro
Idioma:Lingua castelá
Publicado: Barcelona Planeta 1980
Edición:1a. ed
Series:Colección Documento, 15
Subjects:
Tags: Engadir etiqueta
Sen Etiquetas, Sexa o primeiro en etiquetar este rexistro!

MARC

LEADER 00000cam a2200000 a 4500
001 UCF3732
003 CL-VaPUC
005 20220826140842.0
008 121031e19800000SP |||||||||||||||||spa|d
999 |c 349892  |d 349890 
020 |a 8432035556 
040 |c Pontificia Universidad Católica de Valparaíso 
082 0 4 |a 320.01  |b NIX  |2 21 
100 1 |a Nixon, Richard   |q (Richard Milhous)   |e autor  |9 876022 
245 1 3 |a La verdadera guerra: la tercera guerra mundial ha comenzado.. 
250 |a 1a. ed 
260 |a Barcelona  |b Planeta  |c 1980 
300 |a 350 p 
490 0 |a Colección Documento, 15 
583 |a last modification  |c 20121031 10:09:00  |k Rodrigo Vera 
650 7 |a FILOSOFIA POLITICA  |2 CL-VaPUC  |9 565466 
650 0 |a Política internacional  |9 255813 
650 7 |a PODER ECONOMICO  |2 CL-VaPUC  |9 338221 
650 0 |a Poder político  |9 255509 
942 |c BK  |2 ddc 
945 |d 20121031 00:00:00  |a cmena 
952 |0 0  |1 0  |4 0  |6 320_010000000000000_NIX_1980  |7 0  |8 A  |9 452772  |a BIBHIS  |b BIBHIS  |d 2019-11-22  |i 4793072  |o 320.01 NIX 1980  |p 4793072  |r 2025-01-20  |w 2019-11-22  |y BK  |k HIS